Utrpení mladého Werthera /
Romantický román v dopisech líčí lásku mladého muže, který miluje ženu svého přítele a protože nevidí ze situace žádné morálně únosné východisko, rozhodne se vlastní rukou zemřít.
Uloženo v:
| Série: | Knihovna klasiků,
část 1 |
|---|---|
| Hlavní autor: | |
| Další autoři: | |
| Médium: | E-kniha |
| Jazyk: | Czech |
| Vydáno: |
Praha :
Odeon,
2022
|
| Vydání: | V tomto překladu vydání druhé, upravené |
| Edice: | Knihovna klasiků (Odeon)
|
| Témata: | |
| Příbuzné jednotky: | Z cyklu::
Knihovna klasiků |
| Tagy: |
Žádné tagy |
| LEADER | 02606nam a2200481 i 4500 | ||
|---|---|---|---|
| 001 | 311780 | ||
| 003 | CZ PrSKC | ||
| 005 | 20260601215711.0 | ||
| 007 | ta | ||
| 008 | 220708s2022 xr g 000 f cze | ||
| 015 | |a cnb003416845 | ||
| 020 | |a 9788020721037 |q (vázáno) | ||
| 035 | |a (OCoLC)1357141003 | ||
| 040 | |a ABG001 |b cze |d ABA001 |e rda | ||
| 041 | 1 | |a cze |h ger | |
| 072 | 7 | |a 821.112.2-3 |x Německá próza, německy psaná |2 Konspekt | |
| 080 | |a 821.112.2-31 |2 MRF | ||
| 080 | |a (0:82-312.7) |2 MRF | ||
| 100 | 1 | |a Goethe, Johann Wolfgang von, |d 1749-1832 |7 jn19990002740 |4 aut | |
| 240 | 1 | 0 | |a Leiden des jungen Werthers. |l Česky |7 aun2008463057 |
| 245 | 1 | 0 | |a Utrpení mladého Werthera / |c Johann Wolfgang Goethe ; přeložila Jana Zoubková |
| 250 | |a V tomto překladu vydání druhé, upravené | ||
| 264 | 1 | |a Praha : |b Odeon, |c 2022 | |
| 300 | |a 146 stran ; |c 21 cm | ||
| 336 | |a text |b txt |2 rdacontent | ||
| 337 | |a bez média |b n |2 rdamedia | ||
| 338 | |a svazek |b nc |2 rdacarrier | ||
| 490 | 1 | |a Knihovna klasiků | |
| 500 | |a Přeloženo z němčiny | ||
| 520 | 2 | |a Romantický román v dopisech líčí lásku mladého muže, který miluje ženu svého přítele a protože nevidí ze situace žádné morálně únosné východisko, rozhodne se vlastní rukou zemřít. |b Dílo rozhodujícího významu pro historii německé i světové prózy je jedním z prototypů romantického románu v dopisech, založeného na prosté klasické zápletce. Autorovi šlo o víc, než o příběh nešťastné lásky. Jako hrdinu zvolil člověka své doby, představitele mladé buržoazie, který ve snaze dosáhnout svobody naráží na překážky v podobě feudálních konvencí. Je příliš osamělý a neschopný proti společnosti bojovat a proto raději volí smrt. | |
| 655 | 7 | |a německé romány |7 fd132945 |2 czenas | |
| 655 | 7 | |a romány v dopisech |7 fd1054764 |2 czenas | |
| 655 | 9 | |a German fiction |2 eczenas | |
| 655 | 9 | |a epistolary novels |2 eczenas | |
| 700 | 1 | |a Zoubková, Jana, |d 1951- |7 jn20001227507 |4 trl | |
| 830 | 0 | |a Knihovna klasiků (Odeon) | |
| 900 | |a ABA001 |b 20 | ||
| 928 | 9 | |a Euromedia Group - Odeon | |
| 044 | |a xr | ||
| 787 | 0 | 8 | |g 1 |i Z cyklu: |t Knihovna klasiků |
| 910 | |a RBIT002 | ||
| 998 | |d 364870 |a https://core.palmknihy.cz/api/books/364870/cover?rm1z4d |b https://core.palmknihy.cz/api/books/364870/cover/400?rm1z4d |c https://core.palmknihy.cz/api/books/364870/cover/50?rm1z4d |e 2027-07-10 |g 152 |i 9788020721037 |j https://core.palmknihy.cz/api/books/364870/preview.epub |l |q 49 |r 1 |s https://www.palmknihy.cz/kniha/364870 |t ebook |y 2022 |z 0 |v Knihovna klasiků |w 1 | ||
| 999 | |d 311778 | ||